الحسام المبين في رد الشبهات عن دين الله عزوجل وعن النبي صلى عليه وسلم / (رقم التسجيلة. 137320)
[ عرض عادي ]
| 000 -الفاتح | |
|---|---|
| عناصر البيانات ثابتة الطول | 00730cam a2200181 i 4500 |
| 005 - تاريخ ووقت آخر معاملة | |
| حقل ضبط | 20251228094938.0 |
| 008 - عناصر البيانات ثابتة الطول | |
| عناصر البيانات ثابتة الطول | 250721s2017 JO gr 000 0 ara d |
| 082 14 - رقم تصنيف ديوي العشري | |
| رقم التصنيف | 218.6 |
| رقم المادة | ع ث م |
| 100 1# - مدخل رئيسي – اسم شخصي | |
| الاسم الشخصي | عثمان، محمد أمين حسن |
| علاقة الشخص بالعمل/ دوره | مؤلف. |
| 245 10 - بيان العنوان | |
| العنوان | الحسام المبين في رد الشبهات عن دين الله عزوجل وعن النبي صلى عليه وسلم / |
| بيان المسؤولية | محمد امين حسين عثمان. |
| 250 ## - بيان الطبعة | |
| بيان الطبعة | الطبعه الاولى. |
| 264 31 - بيانات النشر، التوزيع…إلخ | |
| مكان النشر، التوزيع...إلخ | عمان : |
| اسم الناشر، الموزع...إلخ | دار شهرزاد للنشر والتوزيع، |
| تاريخ النشر، التوزيع...إلخ | 2017. |
| 300 ## - الوصف المادي | |
| عدد الوحدات المكونة للوعاء | 386 صفحه. |
| 650 17 - مدخل إضافي بالموضوع - مصطلح موضوعي | |
| مصطلح موضوعي أو اسم جغرافي كعنصر مدخل | الاسلام. |
| 650 17 - مدخل إضافي بالموضوع - مصطلح موضوعي | |
| مصطلح موضوعي أو اسم جغرافي كعنصر مدخل | دفع المطاعن عن الاسلام. |
| 942 ## - بيانات إضافية (كوها) | |
| نوع التنصيف | Dewey Decimal Classification |
| نوع المادة (كوها) | كتب |
| حالة السحب | حالة الفقدان | مصدر التصنيف | حالة التلف | غير قابل للإعارة | المكتبة الرئيسية | المكتبة الحالية | موقع الرف | تاريخ التزويد | الرقم المتسلسل | Total Checkouts | رقم الإستدعاء | الباركود | تاريخ آخر ظهور | تاريخ الفاتورة | نوع المادة (كوها) |
|---|---|---|---|---|---|---|---|---|---|---|---|---|---|---|---|
| Dewey Decimal Classification | المكتبة المركزية | المكتبة المركزية | الإعارة | 28/07/2025 | 1682397 | 218.6 / ع ث م | PLD00422181 | 28/07/2025 | 28/07/2025 | كتب | |||||
| Dewey Decimal Classification | المكتبة المركزية | المكتبة المركزية | مقتنيات قسم التزويد | 28/07/2025 | 1739310 | 218.6/عثم | 28/07/2025 | 28/07/2025 | كتب | ||||||
| Dewey Decimal Classification | مكتبة أبو علندا العامة | مكتبة أبو علندا العامة | الإعارة | 31/07/2018 | 1682398 | 218.6/عثم | PLD00425826 | 28/07/2025 | 31/07/2018 | كتب | |||||
| Dewey Decimal Classification | مكتبة الحسن العامة | مكتبة الحسن العامة | الإعارة | 31/07/2018 | 1682401 | 218.6/عثم | PLD00425829 | 28/07/2025 | 31/07/2018 | كتب | |||||
| Dewey Decimal Classification | مكتبة صويلح العامة | مكتبة صويلح العامة | الإعارة | 31/07/2018 | 1682400 | 218.6/عثم | PLD00425828 | 28/07/2025 | 31/07/2018 | كتب |